Statistics for Soccer players #1

Click here to take the quiz!

General Stats

  • This quiz has been taken 118 times
    (83 since last reset)
  • The average score is 32 of 75

Answer Stats

PlayerClub% Correct
Paul PogbaFrance
99%
Paul PogbaJuventus
97%
Paul PogbaManchester United
91%
Ivan RakiticCroatia
85%
Ivan RakiticBarcelona
82%
Arjen RobbenBayern
69%
Pierre-Emerick AubameyangBorussia Dortmund
69%
Arjen RobbenNetherlands
69%
Daniel SturridgeEngland
68%
Ivan RakiticSevilla
66%
Gonzalo HiguainArgentina
65%
Paul Pogba1993
63%
Paul Pogba6
62%
Gonzalo HiguainJuventus
62%
Ivan Rakitic1988
60%
Pierre-Emerick AubameyangGabon
60%
Daniel SturridgeLiverpool
60%
Ivan Rakitic12
57%
Mario GomezGermany
57%
Tim HowardUSA
57%
Nicolas OtamendiArgentina
51%
Gonzalo HiguainNaples
51%
Daniel Sturridge1989
50%
Arjen RobbenReal Madrid
49%
Daniel Sturridge6
47%
Tim HowardEverton
47%
Arjen Robben1984
46%
Theo WalcottEngland
46%
Shinji OkazakiJapan
46%
Nicolas OtamendiManchester City
46%
Mario Gomez1985
44%
Pierre-Emerick Aubameyang1989
44%
Felipe AndersonBrazil
44%
Tim Howard0
43%
Gonzalo Higuain1987
43%
Nacer ChadliBelgium
43%
Pierre-Emerick Aubameyang19
41%
Tim Howard1979
40%
Arjen Robben30
40%
Gonzalo Higuain30
40%
Theo WalcottArsenal
40%
Mario Gomez29
38%
Daniel SturridgeChelsea
38%
Bas DostNetherlands
37%
Nicolas Otamendi1
34%
Shinji OkazakiLeicester City
34%
Nicolas Otamendi1988
31%
Bas Dost1989
31%
Felipe AndersonLazio
31%
Felipe Anderson0
29%
Felipe Anderson1993
29%
Mario GomezFiorentina
29%
Bas Dost0
28%
Nacer Chadli1989
28%
Nacer Chadli3
28%
Theo Walcott8
28%
Lazar MarkovicSerbia
28%
Theo WalcottSouthampton
28%
Theo Walcott1989
26%
Nacer ChadliTottenham
26%
Shinji Okazaki1986
25%
Nicolas OtamendiValencia
25%
Lazar Markovic3
24%
Lazar Markovic1994
22%
Lazar MarkovicLiverpool
22%
Bas DostWolfsburg
22%
Shinji Okazaki51
21%
Pierre-Emerick AubameyangSaint-Etienne
21%
Mario GomezBesiktas
18%
Tim HowardColorado Rapids
16%
Shinji OkazakiMainz
12%
Nacer ChadliTwente
10%
Lazar MarkovicFenerbahçe
6%
Bas DostHeerenveen
6%
Felipe AndersonSantos
6%

Score Distribution

Percentile by Number Answered

Percent of People with Each Score

Your Score History

You have not taken this quiz since the last reset